| 000 | 00940nam a22003017a 4500 | ||
|---|---|---|---|
| 001 | 7198 | ||
| 003 | FISKH | ||
| 005 | 20250702102111.0 | ||
| 008 | 250702b cb ||||| |||| 00| 0 eng d | ||
| 020 | _a9780439314343 | ||
| 040 |
_aFISKH _beng _cFISKH _dFISKH |
||
| 050 | _aPZ7.M26572 .14 | ||
| 082 | _a551.55 | ||
| 100 | _aCapeci, Anne | ||
| 245 |
_aThe magic school bus : _bElectric storm / _cWritten by Anne Capeci ; Illustrations by Hope Gangloff |
||
| 250 | _aThis edition first published in 2002 | ||
| 260 |
_aNew York : _bScholastic, _c2002 |
||
| 300 |
_a92 pages : _billustrations ; _c20 cm |
||
| 505 | _aN | ||
| 520 | _aMrs. Frizzle's class takes to the sky to study electricity via lightning. | ||
| 521 | 8 |
_bLexile
_a570 |
|
| 521 | 8 |
_aN
_bRaz-Plus |
|
| 650 |
_2Adventure _aElectricity |
||
| 650 |
_2Magic School Bus _aScience |
||
| 700 |
_aGangloff, Hope _dillustrator |
||
| 942 |
_2ddc _cBK _n0 |
||
| 999 |
_c7198 _d7198 |
||